| 000 | 00330nam a2200121Ia 4500 | ||
|---|---|---|---|
| 008 | 150202s9999 xx 000 0 und d | ||
| 050 |
_aFIC _bFIC |
||
| 100 | _aClavell, James. | ||
| 245 |
_aKing rat / _cJames Clavell. |
||
| 260 |
_aGreat Britain : _bPanther Books, _c1962. |
||
| 300 |
_a319 pages : _c22 cm. |
||
| 650 | _aFiction. | ||
| 999 |
_c281944 _d281944 |
||